000 00628nam a2200241Ia 4500
003 OSt
005 20221005055913.0
006 a|||||r|||| 00| 0
007 ta
008 221004b |||||||| |||| 00| 0 eng d
024 _a103378
037 _cTextual
040 _aCRL
_cCRL
_beng
041 _2eng
_aeng
082 _aCxMKAx, K7.3
100 _aHaar D Ter Ed.
_9599182
245 0 _aCollected papers of p l kapitza
260 _aLondon
_bPergamon Press
_c1967
500 _aDSK Collection
650 _aPHYSICS
942 _hCxMKAx, K7.3
_cTEXL
_2cc
999 _c965878
_d965878